Curso de introducción al estudio del Derecho y sistemas jurídicos / (Registro nro. 8443)
[ vista simple ]
| 000 -LEADER | |
|---|---|
| fixed length control field | 01702nam a2200229Ia 4500 |
| 003 - CONTROL NUMBER IDENTIFIER | |
| control field | OSt |
| 005 - DATE AND TIME OF LATEST TRANSACTION | |
| control field | 20210831094605.0 |
| 008 - FIXED-LENGTH DATA ELEMENTS--GENERAL INFORMATION | |
| fixed length control field | 210310s1972 pn fr 000 0 spa d |
| 040 ## - CATALOGING SOURCE | |
| Original cataloging agency | CO-JMCR |
| Transcribing agency | CO-JMCR |
| 041 0# - LANGUAGE CODE | |
| Language code of text/sound track or separate title | spa |
| 082 04 - DEWEY DECIMAL CLASSIFICATION NUMBER | |
| Classification number | 340.11 / |
| Item number | D569c |
| Edition number | 23 |
| 100 1# - MAIN ENTRY--PERSONAL NAME | |
| Personal name | Díferman, Bonifacio, |
| 9 (RLIN) | 17286 |
| Relator term | autor |
| 245 10 - TITLE STATEMENT | |
| Title | Curso de introducción al estudio del Derecho y sistemas jurídicos / |
| Statement of responsibility, etc. | Bonifacio Dífernan |
| 260 ## - PUBLICATION, DISTRIBUTION, ETC. | |
| Place of publication, distribution, etc. | Panamá : |
| Name of publisher, distributor, etc. | Universidad Santa María La Antigua, |
| Date of publication, distribution, etc. | 1972 |
| 300 ## - PHYSICAL DESCRIPTION | |
| Extent | 519 páginas ; |
| Dimensions | 23 cm. |
| 500 ## - GENERAL NOTE | |
| General note | Incluye notas a pie de página. |
| 504 ## - BIBLIOGRAPHY, ETC. NOTE | |
| Bibliography, etc. note | Bibliografía: páginas 1-7 |
| 505 0# - FORMATTED CONTENTS NOTE | |
| Formatted contents note | Historia del estudio introductorio al Derecho -- La persona -- La persona con su capacidad autoproyectiva -- El hombre normativo -- Origen y clasificación de las normas -- Normas jurídicas .. Conocimiento e interpretación de las norma jurídicas -- Norma jurídica y Derecho -- Principios y fuentes de Derecho -- Clasificación metodológica y doctrinal del Derecho -- Derecho natural u óntico -- Derecho positivo o circunstancial -- Derecho de gentes (ius gentium) -- Clasificación del Derecho positivo -- Evolución del Derecho positivo Derecho subjetivo: denominación y definición -- Sujeto de Derecho. Personalidad jurídica. Titular de Derecho -- Causación jurídica -- Temporalidad y ámbito de aplicación del Derecho positivo-- Concepto de justicia -- La justicia subjetiva -- La alteridad, cualidad "per se" del Derecho y de la justicia subjetiva -- Relaciones entre el Derecho y la justicia -- El derecho y la justicia positivos, clasificados por sistemas |
| 650 14 - SUBJECT ADDED ENTRY--TOPICAL TERM | |
| Topical term or geographic name entry element | Jurisprudencia |
| 9 (RLIN) | 17288 |
| Geographic subdivision | Panamá |
| 650 24 - SUBJECT ADDED ENTRY--TOPICAL TERM | |
| Topical term or geographic name entry element | Ley |
| Geographic subdivision | Panamá |
| 9 (RLIN) | 39807 |
| 942 ## - ADDED ENTRY ELEMENTS (KOHA) | |
| Source of classification or shelving scheme | Dewey Decimal Classification |
| Koha item type | Books |
| Withdrawn status | Lost status | Source of classification or shelving scheme | Damaged status | Not for loan | Collection code | Home library | Current library | Date acquired | Source of acquisition | Total Checkouts | Full call number | Barcode | Date last seen | Date last checked out | Copy number | Koha item type |
|---|---|---|---|---|---|---|---|---|---|---|---|---|---|---|---|---|
| Dewey Decimal Classification | Non-fiction | Biblioteca Pública José María del Castillo y Rada | Biblioteca Pública José María del Castillo y Rada | 04/15/2018 | Donación | 1 | 340.11 / D569c | 430004228 | 06/07/2024 | 06/07/2024 | Ej.1 | Books |